| 000 | 00496nam a22001817a 4500 | ||
|---|---|---|---|
| 999 |
_c19589 _d19589 |
||
| 003 | AR-CdUCM | ||
| 008 | 190518b ||||| |||| 00| 0 spa d | ||
| 040 |
_aMUNICIPALIDAD PROVINCIAL DEL CUSCO _cBIBLIOTECA MUNICIPAL DEL CUSCO |
||
| 082 |
_a863 / _bP45 |
||
| 100 |
_aPereda, Jose Maria _941018 |
||
| 245 | _aLa puchera / | ||
| 260 |
_aBuenos Aires : _bSopena, _c1943. |
||
| 300 |
_a174 páginas ; _c24 cm. |
||
| 505 | _aNovela. | ||
| 650 |
_aNovela. _95 |
||
| 942 |
_2ddc _cLIBROS |
||
| 945 | _awfj | ||